|
|
|
|
| LEADER |
00000nam0a2200000 4500 |
| 001 |
208602 |
| 005 |
20231031191457.0 |
| 010 |
|
|
|a 5520005249
|
| 020 |
|
|
|a RU
|b 90-10703
|
| 035 |
|
|
|a (RuTPU)RU\TPU\book\227795
|
| 090 |
|
|
|a 208602
|
| 100 |
|
|
|a 20120203d1989 k y0rusy5003 ca
|
| 101 |
0 |
|
|a rus
|
| 102 |
|
|
|a GE
|
| 105 |
|
|
|a y z 000zy
|
| 200 |
1 |
|
|a Научная система политической экономии социализма: проблемы становления и развития
|f М. Ч. Джибути
|g Академия наук Грузинской ССР (АН ГрузССР), Институт экономики и права
|
| 210 |
|
|
|a Тбилиси
|c Мецниереба
|d 1989
|
| 215 |
|
|
|a 136 с.
|
| 333 |
|
|
|a Исключено из фонда НТБ ТПУ
|
| 700 |
|
1 |
|a Джибути
|b М. Ч.
|g Михаил Чичикоевич
|
| 712 |
0 |
2 |
|a Академия наук Грузинской ССР (АН ГрузССР)
|b Институт экономики и права
|
| 801 |
|
0 |
|a RU
|b RuMRKP
|c 19950417
|g psbo
|
| 801 |
|
1 |
|a RU
|b 63413507
|c 20120203
|
| 801 |
|
2 |
|a RU
|b 63413507
|c 20220408
|g RCR
|
| 942 |
|
|
|c BK
|